[Event "International Championship of Central Se"]
[Site "Paracin, hotel "]
[Date "2013.07.09"]
[Round "5.1"]
[White "Rasic, Jovan"]
[Black "Cica, Dragan"]
[Result "1-0"]
[WhiteElo "2085"]
[BlackElo "2063"]
[PlyCount "39"]
[EventDate "2013.07.05"]

1. e4 c5 2. d4 cxd4 3. c3 Nf6 4. e5 Nd5 5. cxd4 Nc6 6. Bc4 Nb6 7. Bb3 d6 8. e6
fxe6 9. Nh3 Nd5 10. Bxd5 exd5 11. Nf4 Bf5 12. Nxd5 e6 13. Ne3 Qf6 14. d5 Ne5
15. Qd4 Kf7 16. O-O Bd3 17. f4 Rc8 18. fxe5 Qxf1+ 19. Nxf1 Rxc1 20. Qf4+ 1-0

[Event "International Championship of Central Se"]
[Site "Paracin, hotel "]
[Date "2013.07.09"]
[Round "5.2"]
[White "Radovic, Janko"]
[Black "Grbic, Branko"]
[Result "1/2-1/2"]
[WhiteElo "2038"]
[BlackElo "1984"]
[PlyCount "40"]
[EventDate "2013.07.05"]

1. e4 c5 2. Nf3 e6 3. c3 d5 4. exd5 Qxd5 5. d4 Nf6 6. Be2 Nc6 7. O-O Be7 8. Be3
cxd4 9. cxd4 O-O 10. Nc3 Qa5 11. Rc1 Nd5 12. Nxd5 exd5 13. Qb3 Qb4 14. Qxd5
Qxb2 15. Bc4 Be6 16. Qe4 Bxc4 17. Rxc4 Bf6 18. Qb1 Qxb1 19. Rxb1 Rfd8 20. g3
Rd7 1/2-1/2

[Event "International Championship of Central Se"]
[Site "Paracin, hotel "]
[Date "2013.07.09"]
[Round "5.3"]
[White "Ljangov, Petar"]
[Black "Marjanovics, Gyorgy"]
[Result "1/2-1/2"]
[WhiteElo "2010"]
[BlackElo "2069"]
[PlyCount "86"]
[EventDate "2013.07.05"]

1. e4 e5 2. Nf3 Nc6 3. Bb5 Nf6 4. d3 Bc5 5. O-O d6 6. Nbd2 a6 7. Bxc6+ bxc6 8.
Nc4 Be6 9. b3 h6 10. Qe2 a5 11. a4 O-O 12. Bd2 Bb6 13. h3 Nd7 14. Nxb6 cxb6 15.
d4 Qc7 16. dxe5 dxe5 17. Bc3 f6 18. Nd2 b5 19. Qe3 Rfd8 20. Rfd1 b4 21. Bb2 c5
22. c4 Nf8 23. Nf1 Rd6 24. Qe1 Rad8 25. Ne3 Rxd1 26. Rxd1 Rxd1 27. Qxd1 Qd7 28.
Qxd7 Nxd7 29. Kf1 Kf7 30. Ke2 Ke7 31. Bc1 Kd6 32. f3 Nb6 33. Bd2 Nc8 34. g4 Ne7
35. Nf5+ Bxf5 36. gxf5 Nc6 37. Be3 Nd4+ 38. Bxd4 exd4 39. f4 Ke7 40. h4 h5 41.
Kf3 Kf7 42. Ke2 g5 43. fxg5 Kg7 1/2-1/2

[Event "International Championship of Central Se"]
[Site "Paracin, hotel "]
[Date "2013.07.09"]
[Round "5.4"]
[White "Zivanovic, Blagoje"]
[Black "Ostojic, Nikola M"]
[Result "0-1"]
[WhiteElo "1817"]
[BlackElo "2068"]
[PlyCount "92"]
[EventDate "2013.07.05"]

1. e4 c5 2. c4 e6 3. Nc3 d6 4. g3 Nc6 5. Bg2 g6 6. Nge2 Bg7 7. O-O Nge7 8. d3
O-O 9. Rb1 b6 10. a3 Bb7 11. b4 Qd7 12. Be3 Rad8 13. f4 f5 14. Bf2 Ba8 15. Qb3
Kh8 16. Rbd1 Nd4 17. Qa2 Nec6 18. b5 Na5 19. Rfe1 Qf7 20. a4 fxe4 21. dxe4 e5
22. Nd5 Nab3 23. Nxd4 Nxd4 24. Bxd4 cxd4 25. fxe5 Bxd5 26. cxd5 Bxe5 27. Rf1
Qe7 28. Qd2 Kg7 29. Bh3 h5 30. Be6 h4 31. g4 Rxf1+ 32. Rxf1 Rf8 33. h3 Rxf1+
34. Kxf1 Qf6+ 35. Qf2 d3 36. Qxf6+ Kxf6 37. Kf2 Bf4 38. Ke1 Ke5 39. Bf7 g5 40.
Bg6 Kd4 41. Kd1 Kc3 42. Bf5 Kd4 43. Bg6 Ke3 44. Bf5 Be5 45. Ke1 Kf3 46. a5 Kg3
0-1

[Event "International Championship of Central Se"]
[Site "Paracin, hotel "]
[Date "2013.07.09"]
[Round "5.5"]
[White "Djuretanovic, Ivan"]
[Black "Pribanovic, Milivoje"]
[Result "1-0"]
[WhiteElo "2042"]
[BlackElo "1841"]
[PlyCount "103"]
[EventDate "2013.07.05"]

1. e4 c5 2. Nf3 d6 3. c3 Nf6 4. Be2 Nc6 5. d4 cxd4 6. cxd4 e6 7. d5 exd5 8.
exd5 Nb8 9. Nc3 Be7 10. O-O O-O 11. b3 Nbd7 12. Bb2 Nc5 13. Re1 Nfe4 14. Nxe4
Nxe4 15. Bd3 Bf6 16. Bxe4 Bxb2 17. Bxh7+ Kh8 18. Rb1 Bf6 19. Bc2 g6 20. Nd4 Be5
21. Re4 Qf6 22. Qd2 Kg7 23. f4 Bxd4+ 24. Qxd4 Bf5 25. Qxf6+ Kxf6 26. Re2 Rfe8
27. Rbe1 Rxe2 28. Rxe2 Rc8 29. Bxf5 Kxf5 30. Re7 Kxf4 31. Rxf7+ Ke5 32. Rxb7
Rc1+ 33. Kf2 Rc2+ 34. Kf3 Rxa2 35. Re7+ Kxd5 36. Rg7 Ra3 37. Rxg6 Rxb3+ 38. Kf4
Rb2 39. h4 a5 40. h5 a4 41. Rg5+ Kc4 42. h6 Rb8 43. Rg3 d5 44. Rh3 d4 45. g4 d3
46. g5 d2 47. Rh1 Re8 48. h7 Kd3 49. g6 Re1 50. h8=Q d1=Q 51. Qd8+ Kc2 52.
Qxd1+ 1-0

[Event "International Championship of Central Se"]
[Site "Paracin, hotel "]
[Date "2013.07.09"]
[Round "5.6"]
[White "Boskovic, Maksimilijan"]
[Black "Jandric, Damjan"]
[Result "1/2-1/2"]
[WhiteElo "1927"]
[BlackElo "2058"]
[PlyCount "118"]
[EventDate "2013.07.05"]

1. e4 c5 2. Nf3 d6 3. Bb5+ Bd7 4. Bxd7+ Qxd7 5. O-O Nc6 6. c3 Nf6 7. Qe2 e6 8.
d4 cxd4 9. cxd4 d5 10. e5 Ne4 11. Nbd2 Nxd2 12. Bxd2 Be7 13. Rac1 O-O 14. Rfe1
Rac8 15. a3 Nb8 16. Qd3 Rxc1 17. Rxc1 Nc6 18. Bc3 f6 19. Re1 f5 20. Nd2 a6 21.
f4 Na7 22. Rc1 Rc8 23. h3 Rc7 24. g4 g6 25. gxf5 gxf5 26. Kh2 Kh8 27. Rg1 Qe8
28. Qg3 Qf7 29. Nf3 Rc8 30. Ng5 Bxg5 31. Qxg5 Nc6 32. Qh6 Rg8 33. Rxg8+ Kxg8
34. Qg5+ Qg6 35. Qh4 Kf7 36. Kh1 Ke8 37. Kh2 Kd7 38. Kh1 Qg7 39. Kh2 Ne7 40.
Bb4 Ng6 41. Qg5 Kc8 42. Qf6 Qxf6 43. exf6 Nh8 44. Kg3 Kd7 45. Kh4 Nf7 46. Be7
Kc6 47. Kg3 Kb5 48. b3 Kc6 49. Kh4 Kd7 50. Kg3 Ke8 51. Kh4 Nh8 52. b4 Ng6+ 53.
Kg3 Nxe7 54. fxe7 Kxe7 55. a4 Kf6 56. Kh4 Kg6 57. Kg3 a5 58. b5 Kh5 59. Kh2 Kh4
1/2-1/2

[Event "International Championship of Central Se"]
[Site "Paracin, hotel "]
[Date "2013.07.09"]
[Round "5.7"]
[White "Milosavljevic, Marija"]
[Black "Majstorovic, Dusan"]
[Result "1-0"]
[WhiteElo "1901"]
[BlackElo "2025"]
[PlyCount "93"]
[EventDate "2013.07.05"]

1. c4 e5 2. Nc3 Nc6 3. g3 b6 4. Bg2 Bb7 5. e4 Nd4 6. Nge2 c5 7. O-O Ne7 8. d3
Nec6 9. Be3 Be7 10. f4 d6 11. Qd2 O-O 12. f5 Nxe2+ 13. Qxe2 Bg5 14. Bxg5 Qxg5
15. f6 Nd4 16. Qf2 Bc8 17. Nd5 Nc6 18. h4 Qg6 19. fxg7 Kxg7 20. Nf6 Be6 21. g4
Bxg4 22. Nxg4 Qxg4 23. Qf6+ Kg8 24. Rf5 h6 25. Qxh6 f6 26. Kh2 Nd4 27. Bh3 Nxf5
28. exf5 Qf4+ 29. Qxf4 exf4 30. Bg2 Rae8 31. Bd5+ Kh7 32. Be6 Rg8 33. Bxg8+
Kxg8 34. Kg2 Re3 35. Rf1 Rxd3 36. Rxf4 Rd2+ 37. Rf2 Rd4 38. Kg3 Rxc4 39. Rd2
Rd4 40. Rxd4 cxd4 41. Kf3 Kg7 42. Ke4 Kh6 43. Kxd4 Kh5 44. Kd5 Kxh4 45. Kxd6 a6
46. Ke6 Kg5 47. b3 1-0

[Event "International Championship of Central Se"]
[Site "Paracin, hotel "]
[Date "2013.07.09"]
[Round "5.8"]
[White "Molcanov, Sergej"]
[Black "Janjic, Jovo"]
[Result "0-1"]
[WhiteElo "1893"]
[BlackElo "2008"]
[PlyCount "62"]
[EventDate "2013.07.05"]

1. d4 d5 2. c4 Nf6 3. cxd5 Nxd5 4. e4 Nf6 5. Nc3 e6 6. Nf3 Be7 7. Bd3 O-O 8.
O-O c5 9. e5 Nd5 10. Ne4 cxd4 11. Nfg5 g6 12. Nxh7 Kxh7 13. Ng3 Rh8 14. Nh5 Kg8
15. Qg4 Qe8 16. Ng3 Nc6 17. Re1 Rh4 18. Qd1 Kg7 19. Nf1 Ncb4 20. Be4 d3 21. g3
Rh7 22. Bxd3 Nxd3 23. Qxd3 Bd7 24. b3 Bb5 25. Qe4 Bc6 26. Qg4 Qd7 27. Bb2 Rah8
28. Rad1 Qc7 29. h4 Bxh4 30. gxh4 Rxh4 31. Qf3 Nf4 0-1

[Event "International Championship of Central Se"]
[Site "Paracin, hotel "]
[Date "2013.07.09"]
[Round "5.9"]
[White "Stojkovic, Zoran"]
[Black "Korbovljanovic, Natasa"]
[Result "0-1"]
[WhiteElo "2005"]
[BlackElo "1877"]
[PlyCount "68"]
[EventDate "2013.07.05"]

1. e4 e5 2. Nf3 Nf6 3. Nxe5 d6 4. Nf3 Nxe4 5. d4 d5 6. Bd3 Bd6 7. Ne5 Nd7 8.
Bxe4 dxe4 9. Qg4 Nxe5 10. Qxg7 Ng6 11. Qh6 Qh4 12. Qe3 Bd7 13. c4 O-O-O 14. g3
Qh5 15. Bd2 Rhe8 16. h3 f5 17. c5 Bf8 18. Nc3 Bg7 19. a4 Bc6 20. Ne2 Qf3 21.
Rh2 Qxe3 22. fxe3 Bh6 23. b4 Ne7 24. g4 Bd7 25. Ng3 Rg8 26. b5 c6 27. Nh5 Rdf8
28. Rf2 Bg5 29. O-O-O fxg4 30. Rxf8+ Rxf8 31. hxg4 Bxg4 32. Rg1 Bxh5 33. Rxg5
Rf1+ 34. Kc2 Bg6 0-1

[Event "International Championship of Central Se"]
[Site "Paracin, hotel "]
[Date "2013.07.09"]
[Round "5.10"]
[White "Chetina, Elizaveta"]
[Black "Zivkovic, Zivojin"]
[Result "0-1"]
[WhiteElo "1881"]
[BlackElo "1981"]
[PlyCount "96"]
[EventDate "2013.07.05"]

1. e4 d6 2. d4 Nf6 3. Nc3 g6 4. Nf3 Bg7 5. Be2 c6 6. a4 O-O 7. O-O Qc7 8. h3 e5
9. dxe5 dxe5 10. Be3 Nh5 11. Bc4 Nf4 12. Ne2 Be6 13. Bxe6 Nxe6 14. Qc1 Nd7 15.
Rd1 Nf6 16. Nc3 Rfd8 17. Rxd8+ Rxd8 18. Qf1 Nd4 19. Ne1 Qa5 20. Rb1 Bf8 21. Bg5
Kg7 22. f4 Be7 23. Nd3 Ne6 24. Bxf6+ Bxf6 25. fxe5 Bxe5 26. Nxe5 Qxe5 27. Rd1
Rxd1 28. Qxd1 Qg3 29. Qd2 h5 30. b3 g5 31. Ne2 Qe5 32. Qe3 Qc5 33. Qxc5 Nxc5
34. Nc3 Kf6 35. Kf2 Ke5 36. Ke3 a5 37. g3 g4 38. h4 f6 39. Ne2 Nxe4 40. Kd3
Nc5+ 41. Ke3 Ne6 42. Kd3 f5 43. Ke3 b6 44. c3 b5 45. c4 b4 46. Nf4 Nxf4 47.
gxf4+ Kd6 48. Kf2 Kc5 0-1

[Event "International Championship of Central Se"]
[Site "Paracin, hotel "]
[Date "2013.07.09"]
[Round "5.11"]
[White "Nikolic, Milan"]
[Black "Kostic, Tomislav"]
[Result "0-1"]
[WhiteElo "1859"]
[BlackElo "1978"]
[PlyCount "82"]
[EventDate "2013.07.05"]

1. Nf3 Nf6 2. g3 b6 3. Bg2 Bb7 4. d4 e6 5. c4 Bb4+ 6. Bd2 Be7 7. O-O O-O 8. Nc3
c5 9. dxc5 bxc5 10. Qc2 d6 11. e4 Nc6 12. a3 Nd7 13. Be3 Rb8 14. Rad1 a6 15.
Na4 Qc7 16. Rd2 Ba8 17. Rfd1 Rfd8 18. Ng5 Nde5 19. h3 Na5 20. Bf4 Naxc4 21. Re2
Bc6 22. Bxe5 Nxe5 23. f4 Bb5 24. Red2 Bxg5 25. fxg5 Nc4 26. Rd3 Bxa4 27. Qxc4
Bxd1 28. Rxd1 Rxb2 29. Qxa6 c4 30. Rc1 c3 31. Qd3 c2 32. Kh2 Rdb8 33. h4 R8b3
34. Qe2 Qc3 35. Qa6 Qxg3+ 36. Kh1 Rb8 37. Qc6 Qd3 38. Rf1 Rb1 39. Kg1 Rxf1+ 40.
Bxf1 Qe3+ 41. Kg2 c1=Q 0-1

[Event "International Championship of Central Se"]
[Site "Paracin, hotel "]
[Date "2013.07.09"]
[Round "5.12"]
[White "Nikolovska, Dragana"]
[Black "Dragojevic, Dragan"]
[Result "0-1"]
[WhiteElo "1848"]
[BlackElo "1971"]
[PlyCount "156"]
[EventDate "2013.07.05"]

1. e4 e5 2. Nf3 Nc6 3. Bb5 a6 4. Ba4 Nf6 5. Qe2 b5 6. Bb3 Be7 7. O-O d6 8. c3
Na5 9. Bc2 c5 10. Rd1 Nc6 11. d3 Qc7 12. Nbd2 Nd8 13. Nf1 Ne6 14. g3 O-O 15.
Ne3 Re8 16. Nf5 Bf8 17. Ng5 Nd8 18. Qf3 Ra7 19. Be3 h6 20. Nh3 Kh7 21. Kg2 Ng8
22. Bb3 g6 23. Nh4 Bg7 24. a4 Nf6 25. Qe2 Rb7 26. axb5 axb5 27. Ra2 Ra7 28.
Rda1 Rxa2 29. Rxa2 d5 30. exd5 Nxd5 31. Bd2 Bb7 32. Kg1 Qc6 33. Qf3 Qd7 34. Ra7
c4 35. dxc4 Nb6 36. Qe3 Qc6 37. f3 bxc4 38. Bc2 Bf8 39. Nf2 Nd5 40. Qe2 Bc5 41.
Ba4 Qb6 42. Rxb7 Qxb7 43. Bxe8 Qxb2 44. Qd1 Nxc3 45. Qe1 Nd5 46. Kh1 Bxf2 47.
Qxf2 c3 48. Ba4 cxd2 49. Qe2 Qc1+ 50. Kg2 Qe1 51. Qd3 d1=Q 52. Bxd1 Qxd1 53.
Qe4 Qc2+ 54. Qxc2 Ne3+ 55. Kf2 Nxc2 56. f4 exf4 57. gxf4 Kg7 58. Nf3 Kf6 59.
Kg3 Ne6 60. h3 Ncd4 61. Nh4 Ne2+ 62. Kf3 N2xf4 63. Kg3 g5 64. Nf3 Kf5 65. Nh2
h5 66. Nf3 f6 67. Nh2 Nd4 68. Nf1 Nfe2+ 69. Kg2 Kf4 70. Nd2 f5 71. Kf2 Nc3 72.
Nf1 Ne4+ 73. Kg2 h4 74. Nh2 Ke3 75. Nf1+ Ke2 76. Nh2 Nd2 77. Kg1 N4f3+ 78. Nxf3
Kxf3 0-1

[Event "International Championship of Central Se"]
[Site "Paracin, hotel "]
[Date "2013.07.09"]
[Round "5.13"]
[White "Radovanovic, Miroljub B"]
[Black "Van Steenkiste, Luc"]
[Result "1-0"]
[WhiteElo "1961"]
[BlackElo "1833"]
[PlyCount "65"]
[EventDate "2013.07.05"]

1. e4 d5 2. exd5 Nf6 3. c4 e6 4. dxe6 Nc6 5. exf7+ Kxf7 6. Nf3 Bg4 7. Be2 Bxf3
8. Bxf3 Qd3 9. Be2 Re8 10. Kf1 Qf5 11. d4 Rxe2 12. Kxe2 Qg4+ 13. Ke1 Qxg2 14.
Rf1 Bb4+ 15. Nc3 Re8+ 16. Be3 Kg8 17. a3 Bxc3+ 18. bxc3 Ng4 19. Qe2 Nxh2 20.
Kd2 Nxf1+ 21. Rxf1 Qg6 22. Qf3 Kh8 23. Qg3 Qf7 24. Rg1 Re7 25. Qg4 Na5 26. d5
c5 27. Kd3 b5 28. Qc8+ Re8 29. Qxc5 bxc4+ 30. Ke2 Qh5+ 31. Ke1 Rb8 32. Qxa5
Rb1+ 33. Kd2 1-0

[Event "International Championship of Central Se"]
[Site "Paracin, hotel "]
[Date "2013.07.09"]
[Round "5.14"]
[White "Brankovan, Mario"]
[Black "Ristic, Dejan D"]
[Result "1/2-1/2"]
[WhiteElo "1938"]
[BlackElo "1823"]
[PlyCount "42"]
[EventDate "2013.07.05"]

1. c4 c5 2. Nc3 Nc6 3. Nf3 Nf6 4. g3 g6 5. Bg2 Bg7 6. O-O O-O 7. d3 a6 8. e4 e5
9. h3 h6 10. Be3 d6 11. Qd2 Kh7 12. Ne1 Be6 13. Nc2 Qd7 14. Kh2 Nd4 15. Bxd4
cxd4 16. Ne2 Rac8 17. Rab1 Qa4 18. a3 Qd7 19. Nb4 Qc7 20. Rfc1 Rfe8 21. Nd5 Qd8
1/2-1/2

[Event "International Championship of Central Se"]
[Site "Paracin, hotel "]
[Date "2013.07.09"]
[Round "5.15"]
[White "Kosir, Franci"]
[Black "Lazovic, Bozidar"]
[Result "1/2-1/2"]
[WhiteElo "1934"]
[BlackElo "1786"]
[PlyCount "41"]
[EventDate "2013.07.05"]

1. c4 c5 2. Nc3 Nc6 3. g3 g6 4. Bg2 Bg7 5. e4 d6 6. Nge2 e6 7. O-O Nge7 8. d3
O-O 9. Be3 Nd4 10. Rb1 Nec6 11. h3 Rb8 12. a3 a6 13. b4 Bd7 14. Qd2 Re8 15. f4
Qe7 16. bxc5 dxc5 17. e5 Nxe2+ 18. Qxe2 f6 19. exf6 Bxf6 20. Ne4 Bd4 21. Rb6
1/2-1/2

[Event "International Championship of Central Se"]
[Site "Paracin, hotel "]
[Date "2013.07.09"]
[Round "5.16"]
[White "Bozilov, Dragan"]
[Black "Zarkovic, Milos"]
[Result "1-0"]
[WhiteElo "1930"]
[BlackElo "1719"]
[PlyCount "49"]
[EventDate "2013.07.05"]

1. c4 e5 2. Nc3 Nc6 3. g3 f5 4. Bg2 Nf6 5. e3 d5 6. Nxd5 Nxd5 7. cxd5 Nb4 8. d4
e4 9. Bf1 Qxd5 10. a3 Nd3+ 11. Bxd3 exd3 12. f3 Qb5 13. Nh3 b6 14. Nf4 Ba6 15.
b4 O-O-O 16. Bd2 Bd6 17. a4 Qc4 18. Rc1 Qf7 19. b5 Bxf4 20. bxa6 Bd6 21. Kf2 g5
22. a5 Kb8 23. Qa4 Qd7 24. Rc6 f4 25. e4 1-0

[Event "International Championship of Central Se"]
[Site "Paracin, hotel "]
[Date "2013.07.09"]
[Round "5.18"]
[White "Tomic, Slobodan"]
[Black "Radovanovic, Danko"]
[Result "1/2-1/2"]
[WhiteElo "2082"]
[BlackElo "1898"]
[PlyCount "116"]
[EventDate "2013.07.05"]

1. e4 e5 2. Nf3 Nf6 3. Nc3 Nc6 4. d4 exd4 5. Nxd4 Nxd4 6. Qxd4 d6 7. Be2 Be7 8.
O-O O-O 9. Bf4 Re8 10. h3 a6 11. a4 Nd7 12. Nd5 Bf6 13. Nxf6+ Qxf6 14. Qxf6
Nxf6 15. f3 h6 16. Bd3 Bd7 17. c4 b6 18. Rfd1 a5 19. Bc2 Bc6 20. b3 Nd7 21. Kf2
f6 22. Be3 Re7 23. Bd4 Rae8 24. g4 g5 25. h4 Ne5 26. Rg1 Kf7 27. Be3 Ng6 28. h5
Nf8 29. Rge1 Ne6 30. Re2 Kg7 31. Rd2 Rd8 32. Rad1 Ra8 33. Kg3 Rae8 34. Bf2 Nf4
35. Bd4 Rb8 36. Bb2 Ra8 37. Bc3 Ree8 38. Ra1 Ra7 39. Kf2 Rea8 40. Bd4 Re8 41.
Rad1 Re7 42. Be3 Ne6 43. Ra1 Ra8 44. Re2 Ree8 45. Bd1 Re7 46. Rea2 Ree8 47. Bd2
Nc5 48. Bc2 Na6 49. Rb2 Nb4 50. Bb1 Re7 51. Bc3 Ree8 52. Rd2 Re7 53. Bxb4 axb4
54. Rda2 Ra6 55. Bd3 Kf7 56. Rd2 Kg7 57. Rad1 Re8 58. Bc2 Re7 1/2-1/2

[Event "International Championship of Central Se"]
[Site "Paracin, hotel "]
[Date "2013.07.09"]
[Round "5.19"]
[White "Arandjelovic, Aleksandar Z"]
[Black "Djoric, Krsta"]
[Result "1/2-1/2"]
[WhiteElo "2042"]
[BlackElo "1810"]
[PlyCount "45"]
[EventDate "2013.07.05"]

1. Nf3 Nc6 2. g3 b6 3. Bg2 Bb7 4. O-O Nf6 5. d4 e6 6. c4 d5 7. Nc3 dxc4 8. e4
Ne7 9. Ne5 Ng6 10. Nxc4 Be7 11. h4 Bb4 12. Bg5 Be7 13. Qa4+ c6 14. Rad1 b5 15.
Nxb5 cxb5 16. Qxb5+ Qd7 17. Qa5 Bxe4 18. Ne5 Qd8 19. Qa4+ Kf8 20. Bxf6 Bxg2 21.
Bxe7+ Nxe7 22. Nd7+ Kg8 23. Kxg2 1/2-1/2

[Event "International Championship of Central Se"]
[Site "Paracin, hotel "]
[Date "2013.07.09"]
[Round "5.20"]
[White "Lazic, Milan B"]
[Black "Majcen, Zoran"]
[Result "1/2-1/2"]
[WhiteElo "1978"]
[BlackElo "1848"]
[PlyCount "39"]
[EventDate "2013.07.05"]

1. e4 e6 2. d4 d5 3. Nd2 dxe4 4. Nxe4 Nd7 5. Nf3 Be7 6. Bd3 Ngf6 7. O-O O-O 8.
Qe2 b6 9. Rd1 Bb7 10. Bf4 Nxe4 11. Bxe4 Bxe4 12. Qxe4 Nf6 13. Qc6 Bd6 14. Be5
Qd7 15. Qc4 Qe7 16. Qc6 Rfd8 17. a4 Qd7 18. Qc4 Qe7 19. Qc6 Qd7 20. Qc4 1/2-1/2

[Event "International Championship of Central Se"]
[Site "Paracin, hotel "]
[Date "2013.07.09"]
[Round "5.21"]
[White "Cvetkovski, Slobodan"]
[Black "Jakovljevic, Dejan"]
[Result "0-1"]
[WhiteElo "1879"]
[BlackElo "1964"]
[PlyCount "26"]
[EventDate "2013.07.05"]

1. e4 e6 2. d4 d5 3. Nc3 Bb4 4. e5 c5 5. a3 Bxc3+ 6. bxc3 Ne7 7. Nf3 Bd7 8. Bd3
c4 9. Be2 Ba4 10. O-O Nbc6 11. Bd2 Qd7 12. Qc1 O-O-O 13. Ng5 Rdf8 0-1

[Event "International Championship of Central Se"]
[Site "Paracin, hotel "]
[Date "2013.07.09"]
[Round "5.22"]
[White "Pavlovic, Branka"]
[Black "Stojanovic, Vladimir M"]
[Result "1-0"]
[WhiteElo "1787"]
[BlackElo "1959"]
[PlyCount "79"]
[EventDate "2013.07.05"]

1. e4 d6 2. d4 Nf6 3. Bd3 e5 4. Nf3 Nc6 5. c3 d5 6. exd5 Qxd5 7. Qe2 Bg4 8.
Nbd2 O-O-O 9. Bc4 Qd7 10. dxe5 Nxe5 11. Nxe5 Bxe2 12. Nxd7 Rxd7 13. Bxe2 Bc5
14. Nb3 Bb6 15. O-O Re7 16. Bf3 h6 17. Bd2 g5 18. h3 Nd7 19. Bg4 a5 20. a4 Kb8
21. Bxd7 Rxd7 22. c4 Rd3 23. Bc3 Rhd8 24. Rae1 c6 25. Re7 R8d7 26. Rxd7 Rxd7
27. Re1 Bc7 28. Nxa5 f5 29. Nb3 g4 30. Re8+ Ka7 31. Re1 b6 32. Nd4 gxh3 33.
gxh3 Kb7 34. Nxf5 Rd3 35. Re7 Kc8 36. Kg2 Bf4 37. Re6 Kb7 38. Nxh6 Bd2 39. Bxd2
Rxd2 40. b3 1-0

[Event "International Championship of Central Se"]
[Site "Paracin, hotel "]
[Date "2013.07.09"]
[Round "5.23"]
[White "Injac, Teodora"]
[Black "Van Muylem, Tom"]
[Result "1-0"]
[WhiteElo "1713"]
[BlackElo "1931"]
[PlyCount "41"]
[EventDate "2013.07.05"]

1. d4 d5 2. c4 e6 3. Nc3 Nf6 4. Bg5 Be7 5. Nf3 h6 6. Bh4 O-O 7. e3 b6 8. Qb3
Bb7 9. Bxf6 Bxf6 10. cxd5 exd5 11. Rd1 c6 12. Bd3 Nd7 13. O-O Re8 14. Rfe1 Nf8
15. e4 dxe4 16. Nxe4 Ne6 17. Bc4 g6 18. d5 cxd5 19. Bxd5 Bxd5 20. Rxd5 Qe7 21.
Rd7 1-0

[Event "International Championship of Central Se"]
[Site "Paracin, hotel "]
[Date "2013.07.09"]
[Round "5.24"]
[White "Djordjevic, Lazar"]
[Black "Milosavljevic, Milica"]
[Result "0-1"]
[WhiteElo "1683"]
[BlackElo "1926"]
[PlyCount "128"]
[EventDate "2013.07.05"]

1. e4 c5 2. Nf3 d6 3. c3 Nf6 4. h3 g6 5. Bd3 Bg7 6. Bc2 O-O 7. O-O Nc6 8. Re1
e5 9. d4 cxd4 10. cxd4 Qb6 11. dxe5 dxe5 12. Bb3 Rd8 13. Nbd2 h6 14. Qe2 Nh5
15. Nc4 Qc7 16. Ne3 Nf4 17. Qc2 Qe7 18. Nd5 Nxd5 19. Bxd5 Nb4 20. Qb3 Nxd5 21.
exd5 Qd6 22. Be3 b6 23. Rad1 Bf5 24. Rd2 Rac8 25. Red1 Rc7 26. Ne1 g5 27. Nc2
Bf8 28. Na3 Qb4 29. Nb5 Qxb3 30. axb3 Rcd7 31. f3 Bb4 32. Nc3 Rc8 33. Rc1 Rdc7
34. h4 Bxc3 35. bxc3 Rxc3 36. Re1 f6 37. hxg5 hxg5 38. Ra2 R8c7 39. Ra3 Rd3 40.
Bf2 Rxd5 41. Rea1 Rdd7 42. b4 e4 43. fxe4 Bxe4 44. Bg3 Rc2 45. R1a2 Rc1+ 46.
Kf2 Rc4 47. Rxa7 Rxa7 48. Rxa7 Rxb4 49. Bd6 Rb2+ 50. Ke3 Bxg2 51. Be7 Rb3+ 52.
Kf2 Bc6 53. Ke2 Kf7 54. Bd6+ Kg6 55. Re7 b5 56. Re6 Bd5 57. Re8 b4 58. Rb8 Rb2+
59. Ke3 b3 60. Rb6 Rc2 61. Be5 Rc6 62. Rxc6 Bxc6 63. Bb2 f5 64. Kf2 f4 0-1

[Event "International Championship of Central Se"]
[Site "Paracin, hotel "]
[Date "2013.07.09"]
[Round "5.25"]
[White "Ivic, Matija"]
[Black "Ratkovic, Petar"]
[Result "1-0"]
[WhiteElo "1925"]
[BlackElo "1657"]
[PlyCount "67"]
[EventDate "2013.07.05"]

1. d4 d5 2. c4 c6 3. Nf3 Nf6 4. Bf4 e6 5. e3 Bd6 6. Ne5 O-O 7. Nc3 Qe7 8. Bd3
Nbd7 9. Qc2 h6 10. f3 dxc4 11. Bxc4 Nb6 12. Bb3 Nbd5 13. Nxd5 Nxd5 14. Bxd5
exd5 15. O-O-O Be6 16. g4 Rac8 17. Kb1 c5 18. Qd2 c4 19. h4 Bb4 20. Qc2 c3 21.
b3 a5 22. Rdg1 a4 23. h5 axb3 24. axb3 Ra8 25. g5 b5 26. gxh6 Ra1+ 27. Kxa1
Ra8+ 28. Kb1 Qa7 29. Kc1 Qa1+ 30. Qb1 Ba3+ 31. Kc2 Bf5+ 32. e4 dxe4 33. Rxg7+
Kf8 34. Rxf7+ 1-0